Registres Littéraires - Statistiques

Statistiques générales
  • Ce quiz a été pris 2 388 fois
  • Le résultat moyen est 9 sur 15
Statistiques - réponses
Question Réponse % Correct
Quels registres visent à rire le lecteur? Comique, Satirique et ironique
92%
Qu'est-ce que le registre tragique? Scènes désespérées où un personnage est voué à la mort, à une issue fatale.
92%
Qu'est ce que le registre Comique? Faire rire le lecteur. Il joue sur le décalage entre ce qui est attendu et de qui est produit
91%
Qu'est ce que le lyrisme? L'expression forte des sentiments, l'emploie du "je"
85%
Comment caractériser le registre polémique? Débat conflictuel et argumentation violente
78%
Le registre épique est: en relation avec l'épopée
76%
Comment peut-on qualifier le registre fantastique? Irruption d'éléments surnaturels dans le réel
69%
Qu'est ce que le registre dictatique? Sa visée est l'enseignement et la pédagogie
60%
Qu'est-ce qu'un registre littéraire? Ambiance qu'un auteur veut faire ressentir au lecteur à travers le ton de son livre, les thèmes abordés et le style
57%
Visée critique: Registre satirique
40%
Les Tonalités sont: Registres Littéraires
35%
De quelle registre littéraire peut-on qualifier Molière? Registre Comique
32%
La Poésie est le plus souvent: Lyrique
24%
Le Roman est le plus souvent: Fantastique et épique
17%
Les Tonalités: N'affectent pas seulement les textes, mais aussi les œuvres visuelles
9%
Aucun quiz correspondant
Distribution des résultats
% des personnes avec chaque résultat
Percentile par nombre de réponses
Votre historique - résultats
Vous n’avez pas pris ce quiz